000
00418nam a2200145Ia 4500
008
100122s9999 xx 000 0 und d
082
_b
15903
_a
822
100
_a
मतकरी रत्नाकर
245
_a
बारा पस्तीस
260
_b
वि.र.बाम
_c
1961
300
_a
27
630
_a
बारा पस्तीस
730
_a
बारा पस्तीस
942
_c
BOOK
999
_c
406035
_d
406032